Countries Containing P - Statistics

General Stats
  • This quiz has been taken 3,396 times
  • The average score is 13 of 18
Answer Stats
country % Correct
Portugal
89%
Palau
88%
Poland
87%
Pakistan
86%
Papua New Guinea
84%
Peru
84%
Philippines
84%
Panama
83%
Paraguay
83%
Nepal
71%
Japan
69%
Spain
66%
Singapore
57%
Egypt
56%
Ethiopia
51%
Cyprus
46%
São Tomé and Príncipe
44%
Palestine
40%
No matching quizzes found
Score Distribution
Percent of People with Each Score
Percentile by Number Answered
Your Score History
You have not taken this quiz